Оценка индивидуального ресурса паровой турбины на основе ремонтной истории: монография
| Hoofdauteur: | |
|---|---|
| Coauteur: | |
| Andere auteurs: | |
| Samenvatting: | Заглавие с титульного экрана Электронная версия печатной публикации В монографии представлены результаты работы, выполненной авторами в рамках ФЦП "Научные и научно-педагогические кадры инновационной России" на 2009-2013 гг. Исследования, выполненные авторами, направлены на оценку остаточного ресурса элементов и индивидуального ресурса паровой турбины на основе ремонтной истории Режим доступа: из корпоративной сети ТПУ |
| Taal: | Russisch |
| Gepubliceerd in: |
Томск, STT, 2013
|
| Onderwerpen: | |
| Online toegang: | http://www.lib.tpu.ru/fulltext2/m/2013/m179.pdf |
| Formaat: | Elektronisch Boek |
| KOHA link: | https://koha.lib.tpu.ru/cgi-bin/koha/opac-detail.pl?biblionumber=246220 |
MARC
| LEADER | 00000nlm0a2200000 4500 | ||
|---|---|---|---|
| 001 | 246220 | ||
| 005 | 20231229093137.0 | ||
| 035 | |a (RuTPU)RU\TPU\book\267663 | ||
| 090 | |a 246220 | ||
| 100 | |a 20131126d2013 k y0rusy50 ca | ||
| 101 | 0 | |a rus | |
| 102 | |a RU | ||
| 105 | |a a z 001zy | ||
| 135 | |a drcn ---uucaa | ||
| 181 | 0 | |a i | |
| 182 | 0 | |a b | |
| 200 | 1 | |a Оценка индивидуального ресурса паровой турбины на основе ремонтной истории |d Estimation of individual resource of steamturbine based on repair history |e монография |f В. В. Литвак, Л. В. Савостьянова |g Национальный исследовательский Томский политехнический университет (ТПУ) | |
| 203 | |a Текст |c электронный | ||
| 210 | |a Томск |c STT |d 2013 | ||
| 300 | |a Заглавие с титульного экрана | ||
| 300 | |a Электронная версия печатной публикации | ||
| 330 | |a В монографии представлены результаты работы, выполненной авторами в рамках ФЦП "Научные и научно-педагогические кадры инновационной России" на 2009-2013 гг. Исследования, выполненные авторами, направлены на оценку остаточного ресурса элементов и индивидуального ресурса паровой турбины на основе ремонтной истории | ||
| 333 | |a Режим доступа: из корпоративной сети ТПУ | ||
| 337 | |a Adobe Reader | ||
| 452 | 1 | |0 (RuTPU)RU\TPU\book\260343 |y 978-5-93629-487-7 |t Оценка индивидуального ресурса паровой турбины на основе ремонтной истории |f В. В. Литвак, Л. В. Савостьянова |g Национальный исследовательский Томский политехнический университет (ТПУ) |c Томск |n STT |d 2013 |p 158 с. |a Литвак, Валерий Владимирович | |
| 510 | 1 | |a Estimation of individual resource of steamturbine based on repair history |z eng | |
| 606 | 1 | |a Паровые турбины |x Испытание |2 stltpush |3 (RuTPU)RU\TPU\subj\48249 |9 67126 | |
| 610 | 1 | |a электронный ресурс | |
| 610 | 1 | |a труды учёных ТПУ | |
| 610 | 1 | |a турбинные установки | |
| 610 | 1 | |a эксплуатация | |
| 610 | 1 | |a назначение | |
| 610 | 1 | |a дефекты | |
| 610 | 1 | |a надежность | |
| 610 | 1 | |a ремонтные истории | |
| 610 | 1 | |a остаточный ресурс | |
| 610 | 1 | |a оценка | |
| 675 | |a 621.165.001.4 |v 3 | ||
| 700 | 1 | |a Литвак |b В. В. |c специалист в области теплоэнергетики |c профессор Томского политехнического университета, доктор технических наук |f 1940- |g Валерий Владимирович |3 (RuTPU)RU\TPU\pers\25676 |9 11587 | |
| 701 | 1 | |a Савостьянова |b Л. В. |c специалист в области теплоэнергетики |c заведующий лабораторией Томского политехнического университета |f 1976- |g Людмила Викторовна |3 (RuTPU)RU\TPU\pers\25997 |9 11846 | |
| 712 | 0 | 2 | |a Национальный исследовательский Томский политехнический университет (ТПУ) |c (2009- ) |3 (RuTPU)RU\TPU\col\15902 |
| 801 | 1 | |a RU |b 63413507 |c 20131126 | |
| 801 | 2 | |a RU |b 63413507 |c 20140304 |g RCR | |
| 856 | 4 | |u http://www.lib.tpu.ru/fulltext2/m/2013/m179.pdf | |
| 942 | |c CF | ||